00626nam a22001697a 4500003001200000005001700012008004100029020001500070040001200085082001600097100002300113245006700136260005100203300001300254650003300267856015600300NUST - PNEC20170116181205.0160302b xxu||||| |||| 00| 0 eng d a0071147268 cLIBRARY a629.892 SCI aSciavicco, Lorenzo aModelling and control of robot manipulatorscLorenzo Sciavicco aNew York bMcGraw-Hill Companies, Inc.cc.1996 a358 p. : aManipulators (Mechanism)xME uhttp://www.amazon.com/Modelling-Control-Robot-Manipulators-Siciliano/dp/0071147268/ref=sr_1_1?s=books&ie=UTF8&qid=1456891669&sr=1-1&keywords=0071147268